| 000 | 00420cam a2200169ua 4500 | ||
|---|---|---|---|
| 041 |
_aeng _h |
||
| 082 |
_a828.09 _bEMP/ST |
||
| 100 | _aEmpson, William . | ||
| 245 |
_aStructure of complex words / _cWilliam empson. _hTextual Documents |
||
| 260 |
_aLondon : _bChatto and Windus , _c1964. |
||
| 300 | _a452 ; . | ||
| 500 | _a**Reference | ||
| 504 | _a | ||
| 942 | _cBK | ||
| 999 |
_c4879 _d4879 |
||